MARC

LEADER 00000nam0a2200000 4500
001 57444
005 20231031054231.0
035 |a (RuTPU)RU\TPU\book\60610 
090 |a 57444 
100 |a 20031104d1978 k y0rusy50 ca 
101 0 |a rus 
102 |a RU 
105 |a a z 001zy 
200 1 |a Нефти, газы и газовые конденсаты Томской области  |f Н. М. Смольянинова [и др.] 
210 |a Томск  |c Изд-во Томского ун-та  |d 1978 
215 |a 233 с.  |c ил. 
320 |a Библиография в конце глав. 
610 1 |a нефть 
610 1 |a газ 
610 1 |a конденсаты 
610 1 |a Томская область 
610 1 |a природные газы 
610 1 |a геология 
610 1 |a топливо 
610 1 |a месторождения 
610 1 |a углеводороды 
675 |a 553.98  |v 3 
675 |a 665.61(С18)  |v 3 
701 1 |a Смольянинова  |b Н. М.  |g Нинель Михайловна 
701 1 |a Страмковская  |b К. К.  |g Ксения Кузьминична 
701 1 |a Хорошко  |b С. И.  |g Сергей Ильич 
701 1 |a Смольянинов  |b С. И.  |g Станислав Иванович 
801 1 |a RU  |b 63413507  |c 20031104  |g PSBO 
801 2 |a RU  |b 63413507  |c 20061109  |g PSBO 
942 |c BK